LEADER 03652nam 22008295 450 001 9910299830003321 005 20251230065448.0 010 $a981-287-290-6 024 7 $a10.1007/978-981-287-290-6 035 $a(CKB)3710000000414444 035 $a(EBL)2094155 035 $a(SSID)ssj0001501214 035 $a(PQKBManifestationID)11885081 035 $a(PQKBTitleCode)TC0001501214 035 $a(PQKBWorkID)11524123 035 $a(PQKB)10472111 035 $a(DE-He213)978-981-287-290-6 035 $a(MiAaPQ)EBC2094155 035 $a(PPN)186025319 035 $a(EXLCZ)993710000000414444 100 $a20150511d2015 u| 0 101 0 $aeng 135 $aur|n|---||||| 181 $ctxt 182 $cc 183 $acr 200 10$aInCIEC 2014 $eProceedings of the International Civil and Infrastructure Engineering Conference 2014 /$fedited by Rohana Hassan, Marina Yusoff, Anizahyati Alisibramulisi, Norliyati Mohd Amin, Zulhabri Ismail 205 $a1st ed. 2015. 210 1$aSingapore :$cSpringer Nature Singapore :$cImprint: Springer,$d2015. 215 $a1 online resource (1251 p.) 300 $aDescription based upon print version of record. 311 08$a981-287-289-2 320 $aIncludes bibliographical references at the end of each chapters and index. 327 $aTimber Engineering -- Concrete Waste and Earthquake Engineering -- Fluvial And River Engineering Dynamics -- Transportation Systems, Infrastructure and Intelligent Transport -- Geotechnical Engineering -- Innovative Construction Materials & Structures -- Bioremediation and Engineering -- Synergistic Innovative Management -- Nano-Materials For Engineering. 330 $aThe special focus of this proceedings is to cover the areas of infrastructure engineering and sustainability management. The state-of-the art information in infrastructure and sustainable issues in engineering covers earthquake, bioremediation, synergistic management, timber engineering, flood management and intelligent transport systems. It provides precise information with regards to innovative research development in construction materials and structures in addition to a compilation of interdisciplinary finding combining nano-materials and engineering. 606 $aCivil engineering 606 $aEnvironmental engineering 606 $aBiotechnology 606 $aBioremediation 606 $aWater 606 $aHydrology 606 $aBuilding materials 606 $aCivil Engineering 606 $aEnvironmental Engineering/Biotechnology 606 $aWater 606 $aStructural Materials 615 0$aCivil engineering. 615 0$aEnvironmental engineering. 615 0$aBiotechnology. 615 0$aBioremediation. 615 0$aWater. 615 0$aHydrology. 615 0$aBuilding materials. 615 14$aCivil Engineering. 615 24$aEnvironmental Engineering/Biotechnology. 615 24$aWater. 615 24$aStructural Materials. 676 $a620 676 $a620.11 676 $a624 676 $a628 676 $a628.1 676 $a660.6 702 $aHassan$b Rohana$4edt$4http://id.loc.gov/vocabulary/relators/edt 702 $aYusoff$b Marina$4edt$4http://id.loc.gov/vocabulary/relators/edt 702 $aAlisibramulisi$b Anizahyati$4edt$4http://id.loc.gov/vocabulary/relators/edt 702 $aMohd Amin$b Norliyati$4edt$4http://id.loc.gov/vocabulary/relators/edt 702 $aIsmail$b Zulhabri$4edt$4http://id.loc.gov/vocabulary/relators/edt 906 $aBOOK 912 $a9910299830003321 996 $aInCIEC 2014$91521688 997 $aUNINA